书目信息 |
| 题名: |
追求卓越 对话世界
|
|
| 作者: | 曹赛先 主编 ;《教育综合改革实验丛书编委会》 编 | |
| 分册: | ||
| 出版信息: | 北京 教育科学出版社 2012 |
|
| 页数: | 264页 | |
| 开本: | 24cm | |
| 丛书名: | 教育综合改革实验丛书 | |
| 单 册: | ||
| 中图分类: | G527.654 | |
| 科图分类: | ||
| 主题词: | 区(城市)--Qu ( Cheng Shi )--教育改革--研究--深圳 | |
| 电子资源: | ||
| ISBN: | 978-7-5041-7250-1 | |
| 000 | 01264nam 2200301 450 | |
| 001 | 012001003908 | |
| 005 | 20130127132419.0 | |
| 010 | @a978-7-5041-7250-1@dCNY40.00 | |
| 099 | @aCAL 012014035170 | |
| 100 | @a20140401d2012 ekmy0chiy50 ea | |
| 101 | 0 | @achi |
| 102 | @aCN@b110000 | |
| 105 | @aa k 000yy | |
| 106 | @ar | |
| 200 | 1 | @a追求卓越 对话世界@AZhui Qiu Zhuo Yue Dui Hua Shi Jie@e深圳南山教育综合改革实验模式@f《教育综合改革实验丛书》编委会编 |
| 210 | @a北京@c教育科学出版社@d2012 | |
| 215 | @a264页@c图@d24cm | |
| 225 | 2 | @a教育综合改革实验丛书@AJiao Yu Zong He Gai Ge Shi Yan Cong Shu |
| 314 | @a附加题名页题:主编 曹赛先 | |
| 330 | @a本书内容包括:追求卓越、对话世界的南山教育;业务精湛、充满活力的教育队伍;能力取向、多维建构的校本课程;以学为本、问题导学的卓越课堂等。 | |
| 410 | 0 | @12001@a教育综合改革实验丛书 |
| 517 | 1 | @a深圳南山教育综合改革实验模式@AShen Zhen Nan Shan Jiao Yu Zong He Gai Ge Shi Yan Mo Shi |
| 606 | 0 | @a区(城市)@AQu ( Cheng Shi )@x教育改革@x研究@y深圳 |
| 690 | @aG527.654@v5 | |
| 701 | 0 | @a曹赛先@ACao Sai Xian@4主编 |
| 712 | 02 | @a《教育综合改革实验丛书编委会》@A《Jiao Yu Zong He Gai Ge Shi Yan Cong Shu Bian Wei Hui》@4编 |
| 801 | 2 | @aCN@b江苏凤凰@c20191020 |
| 905 | @b1218998-9001@dG527.654@e302@f4 | |
| 追求卓越 对话世界:深圳南山教育综合改革实验模式/《教育综合改革实验丛书》编委会编.-北京:教育科学出版社,2012 |
| 264页:图;24cm.-(教育综合改革实验丛书) |
| ISBN 978-7-5041-7250-1:CNY40.00 |
| 本书内容包括:追求卓越、对话世界的南山教育;业务精湛、充满活力的教育队伍;能力取向、多维建构的校本课程;以学为本、问题导学的卓越课堂等。 |
| ● |
| 相关链接 |
|
|
|
|
正题名:追求卓越 对话世界
索取号:G527.654/302
 
预约/预借
| 序号 | 登录号 | 条形码 | 馆藏地/架位号 | 状态 | 备注 |
| 1 | 1218998 | 212189987 | 第一样本阅览室/ [索取号:G527.654/302] | 在馆 | |
| 2 | 1218999 | 212189996 | 教育系资料室/ [索取号:G527.654/302] | 在馆 | |
| 3 | 1219000 | 212190001 | 教育系资料室/ [索取号:G527.654/302] | 在馆 | |
| 4 | 1219001 | 212190010 | 第四借阅区/ [索取号:G527.654/302] | 在馆 |